| 000 | 00477nam a22001937a 4500 | ||
|---|---|---|---|
| 003 | CEME | ||
| 005 | 20210628203416.0 | ||
| 008 | 210118b xxu||||| |||| 00| 0 eng d | ||
| 020 | _a0-5963-00678-0 | ||
| 040 | _cceme | ||
| 082 | _a005.3 GET | ||
| 100 |
_aGetz ,Ken, Litwin, Paul, Baron, Andy _965261 |
||
| 245 | _aAccess cookbook | ||
| 250 | _a2ND | ||
| 260 |
_aBEIJING _bO'REILLY _c2004 |
||
| 300 | _aXXVIII,810P | ||
| 650 |
_aACCESS COOKBOOK _965262 |
||
| 942 |
_cBK _2ddc |
||
| 999 |
_c573531 _d573531 |
||